| 000 | 00801nam a2200229 a 4500 | ||
|---|---|---|---|
| 001 | 81545 | ||
| 003 | BD-RjUL | ||
| 005 | 20230709154025.0 | ||
| 008 | 230709s2010 ii ||||| |||| 00| 0 ben d | ||
| 020 | _a81854711010 | ||
| 035 | _a(BD-RjUL)81545 | ||
| 040 |
_aBD-RjUL _beng _cBD-RjUL |
||
| 041 | _aben | ||
| 082 |
_223 _a891.444 _bGAB 2010 |
||
| 245 |
_aগবেষণার : _bঅন্দর-বাহির / _cসম্পাদক সুধীর চক্রবর্তী |
||
| 260 |
_aকলকাতা : _bপুস্তক বিপণি, _c২০১০ |
||
| 300 |
_a৩৩৬ পৃ.; _c২২ সেমি. |
||
| 650 | _aবাংলা প্রবন্ধ | ||
| 650 |
_aBengali Essay _94490 |
||
| 700 |
_aচক্রবর্তী, সুধীর _97949 |
||
| 942 |
_2ddc _cBK |
||
| 999 |
_c81545 _d81545 |
||